<?xml version='1.0' encoding='UTF-8'?>
  <record xmlns="http://www.loc.gov/MARC21/slim">
    <leader>00000cam a22000007i 4500</leader>
    <controlfield tag="001">ocn990262440</controlfield>
    <controlfield tag="003">OCoLC</controlfield>
    <controlfield tag="005">20210604221009.8</controlfield>
    <controlfield tag="008">170619s1740    ne            000 0 dut d</controlfield>
    <datafield tag="040" ind1=" " ind2=" ">
      <subfield code="a">QGJ</subfield>
      <subfield code="b">dut</subfield>
      <subfield code="e">fobidrtb</subfield>
      <subfield code="c">QGJ</subfield>
      <subfield code="d">OCLCQ</subfield>
    </datafield>
    <datafield tag="026" ind1=" " ind2=" ">
      <subfield code="e">174002- b1=*b2 A2 n$in</subfield>
      <subfield code="2">stcnf</subfield>
    </datafield>
    <datafield tag="035" ind1=" " ind2=" ">
      <subfield code="a">(OCoLC)990262440</subfield>
    </datafield>
    <datafield tag="245" ind1="0" ind2="0">
      <subfield code="a">Naamlyst der pausen van Romen, van Petrus af tot op den tegenwoordigen paus, Benedictus XIV. :</subfield>
      <subfield code="b">waaruit men terstond en met een opslag zien kan (1) de ordre der pausen naar hunne opvolging, en van wat natie en geslacht dezelve geweest zyn, als mede de tegen-pausen ; (2) de hoeveelste paus yder, naar de alphabetise ordre hunner naamen, geweest is? (3) Wanneer ze verkooren zyn? (4) Wanneer ze overleden, of het pausschap quyt geraakt zyn? (5) Wie de opvolger van yder geweest is? : alles volgens de naauwkeurigste Roomsche schryvers zelfs.</subfield>
    </datafield>
    <datafield tag="260" ind1=" " ind2=" ">
      <subfield code="a">Te Haerlem :</subfield>
      <subfield code="b">Gedrukt by Izaak en Johannes Enschedé, Stadsdrukkers,</subfield>
      <subfield code="c">1740.</subfield>
    </datafield>
    <datafield tag="300" ind1=" " ind2=" ">
      <subfield code="a">6 bladen :</subfield>
      <subfield code="b">portret ;</subfield>
      <subfield code="c">in-2 (42 cm)</subfield>
    </datafield>
    <datafield tag="336" ind1=" " ind2=" ">
      <subfield code="a">tekst</subfield>
      <subfield code="b">txt</subfield>
      <subfield code="2">rdacontent/dut</subfield>
    </datafield>
    <datafield tag="337" ind1=" " ind2=" ">
      <subfield code="a">zonder medium</subfield>
      <subfield code="b">n</subfield>
      <subfield code="2">rdamedia/dut</subfield>
    </datafield>
    <datafield tag="338" ind1=" " ind2=" ">
      <subfield code="a">band</subfield>
      <subfield code="b">nc</subfield>
      <subfield code="2">rdacarrier/dut</subfield>
    </datafield>
    <datafield tag="500" ind1=" " ind2=" ">
      <subfield code="a">Collatieformule: A6.</subfield>
    </datafield>
    <datafield tag="710" ind1="0" ind2=" ">
      <subfield code="a">Enschedé, Izaak (Haarlem)</subfield>
      <subfield code="4">prt</subfield>
      <subfield code="0">(NL-LeOCL)077145534</subfield>
    </datafield>
    <datafield tag="710" ind1="0" ind2=" ">
      <subfield code="a">Enschedé, Johannes (I, Haarlem)</subfield>
      <subfield code="4">prt</subfield>
      <subfield code="0">(NL-LeOCL)077145542</subfield>
    </datafield>
  </record>